Saintly Capitals - Statistics

General Stats
  • This quiz has been taken 27 times
  • The average score is 6 of 8
Answer Stats
Picture Hint Answer % Correct
Americas San José
84%
Americas Santiago
80%
Americas St. John's
80%
Americas San Salvador
76%
Europe San Marino
72%
Americas Santo Domingo
72%
Americas St. George's
72%
Africa São Tomé
64%
No matching quizzes found
Score Distribution
Percent of People with Each Score
Percentile by Number Answered
Your Score History
You have not taken this quiz